000 00622nam a2200217Ia 4500
003 IIN
005 20250407171847.0
008 231217s9999 xx 000 0 und d
020 _cRs.1299.00
_a9789351298250
040 _aIIN
_bEnglish
082 _a612.015
_bCHA
100 1 _aChawla, Rajinder
245 1 _aTextbook of Medical Biochemistry /
_cRajinder Chawla, Tarek H. El-Metwally and Suchanda Sahu
250 _a2nd ed
260 _bWolters Kluwer
_aNew Delhi
_c2017
300 _axiv, 798 p.
650 1 _aBiochemistry
_vMedical
700 1 _aTarek H. El-Metwally
700 1 _aSahu, Suchanda
942 _cBOOK
999 _c917
_d917